000 004680000a22001810004500
003 MACL
005 20151231155428.0
008 151231b xxu||||| |||| 00| 0 eng d
040 _aMACL
_cMACL
041 _aEnglish
082 _a340/RAN
100 _aRanchhoddas, Ratan Lal
_925875
245 _aThe English and Indian Law Of Torts
260 _bThe Bombey Law Reportea Pvt Ltd
_c1965
_aBombay
350 _a12
650 _aLaw
_925876
942 _cBK
_k340/RAN
_2ddc
999 _c35647
_d35647